Stolice jednych z najważniejszych organizacji międzynarodowych - Statystyki

Ogólne statystyki
  • Ten quiz został rozwiązany 23 razy
  • Średni wynik to 6 z 17
Statystyki odpowiedzi
Organizacja Stolica / Siedziba % Poprawnych
Organizacja Narodów Zjednoczonych (ONZ) Nowy Jork / Genewa / Wiedeń / Nairobi
95%
Organizacja Paktu Północnoatlantyckiego (NATO) Bruksela
86%
Unia Europejska (UE) Bruksela / Strasburg /Luksemburg / Frankfurt
71%
Rada Europy Strasburg
67%
Międzynarodowy Fundusz Walutowy (IMF) Waszyngton
52%
Organizacji Bezpieczeństwa i Współpracy w Europie (OBWE) Wiedeń
43%
Organizacja Współpracy Gospodarczej i Rozwoju (OECD) Paryż
33%
Rada Państw Morza Bałtyckiego Sztokholm
33%
Światowa Organizacja Handlu (WTO) Genewa
29%
Rada Europejska i Rada UE Wiedeń
24%
Grupa Wyszehradzka Bratysława
19%
Euroazjatycka Unia Gospodarcza (EAUG) Moskwa
14%
Stowarzyszenie Narodów Azji Południowo-Wschodniej (ASEAN) Dżakarta
10%
BRICS Szanghaj
10%
Unia Afrykańska Addis Abeba
5%
Unia Narodów Południowoamerykańskich Quito
5%
Trójkąt Weimarski Weimer
0%
Nie znaleziono quizów pasujących do podanych kryteriów
Rozkład punktacji
Procent ludzi z każdym wynikiem
Percentyl według liczby udzielonych odpowiedzi
Twoja historia wyników
Nie rozwiązałeś tego quizu